00319nam a2200109Ia 4500008004100000100002300041245001600064260000900080300003100089440002400120650006500144180117s9999 xx 000 0 und d aby Beth Day Romulo aAnother Day c2016 a24 pages, 2016 December 25 aPhilippine Panorama aPRESIDENT'S TRUMP'S SURPRISING CHOICE FOR THE UNITED NATIONS